[Event "British Rapidplay"]
[Site "Halifax ENG"]
[Date "2010.11.21"]
[Round "11"]
[White "Shaw, Peter"]
[Black "Turner, Matthew J"]
[Result "0-1"]
[BlackTitle "GM"]
[WhiteElo "2166"]
[BlackElo "2517"]
[WhiteFideId "411361"]
[BlackFideId "402893"]
[EventDate "2010.11.20"]

1. d4 Nf6 2. c4 c6 3. Nc3 d5 4. e3 g6 5. Nf3 Bg7 6. Bd3 O-O 7. O-O Bg4 8. h3
Bxf3 9. Qxf3 dxc4 10. Bxc4 Nbd7 11. Qe2 e5 12. dxe5 Nxe5 13. Bb3 Qd3 14. Rd1
Qxe2 15. Nxe2 Rad8 16. Bd2 Nd3 17. Bc3 Ne4 18. Bxg7 Kxg7 19. f3 Nec5 20. Rd2
Rfe8 21. Rad1 Rxe3 22. Nc1 Rd7 23. Bc2 Nxc1 24. Rxd7 Nxd7 25. Rxd7 Re2 26. Bb3
Nxb3 27. axb3 b6 28. Rxa7 Rxb2 29. Ra3 g5 30. Kh2 Kg6 31. Kg3 h6 32. f4 Kf5 33.
fxg5 hxg5 34. Kf3 Ke5 35. g4 f6 36. Kg3 b5 37. h4 gxh4+ 38. Kxh4 Kf4 39. Kh5 f5
40. gxf5 Kxf5 41. Kh4 Ke4 42. Kg4 Kd4 43. Kf4 c5 44. Ra8 Rxb3 45. Rd8+ Kc4 46.
Ke4 b4 47. Rd7 Rh3 48. Rb7 b3 0-1

[Event "British Rapidplay"]
[Site "Halifax ENG"]
[Date "2010.11.21"]
[Round "11"]
[White "Iyengar, Ilya"]
[Black "Surtees, Mike J"]
[Result "1-0"]
[WhiteElo "1989"]
[BlackElo "2151"]
[WhiteFideId "405949"]
[BlackFideId "412619"]
[EventDate "2010.11.20"]

1. d4 c6 2. c4 f6 3. e4 e5 4. dxe5 Bb4+ 5. Bd2 Qe7 6. exf6 Nxf6 7. Bxb4 Qxb4+ 8.
Qd2 Na6 9. Nc3 O-O 10. Nge2 d5 11. exd5 cxd5 12. cxd5 Bd7 13. Ng3 Nc7 14. Be2
Ncxd5 15. Nxd5 Nxd5 16. Qxb4 Nxb4 17. O-O Rac8 18. a3 Nc2 19. Rac1 Be6 20. Bf3
b6 21. Be4 Nd4 22. Rxc8 Rxc8 23. Rd1 Nb3 24. h3 g6 25. f4 Kf7 26. f5 gxf5 27.
Nxf5 Rc5 28. Nd6+ Kg7 29. Kf2 h5 30. Kf3 h4 31. Kf4 Nc1 32. Nf5+ Bxf5 33. Bxf5
Ne2+ 34. Kg4 Ng3 35. Bd3 Rd5 36. Bc2 Rc5 37. Rd7+ Kf6 38. Bb3 Rb5 39. Rd3 Ne4
40. Kxh4 Nc5 41. Rf3+ Ke5 42. Bg8 Rxb2 43. g4 Ne4 44. Rf5+ Kd4 45. Kh5 Rh2 46.
Kh4 Ke3 47. Bd5 Nf2 48. Rf3+ Ke2 49. g5 Nd3 50. g6 Ne5 51. Rg3 Nxg6+ 52. Rxg6
Ke3 53. Rg2 b5 54. Bc6 a6 55. Kg4 Kd4 56. h4 Kc5 57. Be8 a5 58. h5 b4 59. axb4+
axb4 60. Bf7 Kd4 61. h6 Ke5 62. h7 Kf6 63. h8=Q+ Kxf7 64. Qb2 Ke6 65. Qxb4 Kd5
66. Kf5 Kc6 67. Ke6 Kc7 68. Qc5+ Kb7 69. Kd7 Kb8 70. Qb5+ Ka7 71. Kc7 Ka8 72.
Qa5# 1-0